00861cam a2200217 a 450000100100000000500170001000800410002702000150006804000250008308200180010810000260012624500340015226001000018630000270028649000200031365000290033365000310036295201160039395201170050999900170062600001989520200929170200.0820402s1980 sp a 000 0 spa d a8472322769 aDO-SdBNPbspacBNPHU a861.44bR788a1 aRosales, Luis.92496513aLa almadraba /cLuis Rosales. aMadrid, (España) :bCultura Hispánica del Instituto de Cooperación Iberoamericana,c1980. a83 p. :bil. ;c22 cm.1 aLa carta entera 4aPoesía española9631 4aLiteratura española9632 001050718MOaGRbGRcHDd2010-07-08iLF1l0o861.44 R788ap19895-10r2020-06-25w2020-06-25y1ZNo se presta 0010507-18MOaGRbGRcOId2017-05-26iLF1l0o861.44 R788ap19895-20r2020-06-25w2020-06-25y1ZNo se presta c19408d19408